Vyavaharik vurdu hindi shabdkosh (Record no. 122364)

MARC details
000 -LEADER
fixed length control field 00752nam a2200253Ia 4500
003 - CONTROL NUMBER IDENTIFIER
control field OSt
005 - DATE AND TIME OF LATEST TRANSACTION
control field 20260217150116.0
008 - FIXED-LENGTH DATA ELEMENTS--GENERAL INFORMATION
fixed length control field 210210b2018 xxu||||| |||| 00| 0 eng d
020 ## - INTERNATIONAL STANDARD BOOK NUMBER
International Standard Book Number 9788170286899
040 ## - CATALOGING SOURCE
Transcribing agency AL
041 ## - LANGUAGE CODE
Language code of text/sound track or separate title hindi
082 ## - DEWEY DECIMAL CLASSIFICATION NUMBER
Classification number H491.3 ALIV
100 ## - MAIN ENTRY--PERSONAL NAME
Personal name ALI (Saiyad Asad) Ed
Dates associated with a name अली (सैयद असद)
9 (RLIN) 255304
245 ## - TITLE STATEMENT
Title Vyavaharik vurdu hindi shabdkosh
Remainder of title व्यावहारिक उर्दू - हिंदी शब्दकोश
260 ## - PUBLICATION, DISTRIBUTION, ETC.
Place of publication, distribution, etc. Dilli
Name of publisher, distributor, etc. Rajpal Sons.,
Date of publication, distribution, etc. 2018
300 ## - PHYSICAL DESCRIPTION
Extent 277
650 ## - SUBJECT ADDED ENTRY--TOPICAL TERM
Topical term or geographic name entry element Vyavaharik
9 (RLIN) 255305
650 ## - SUBJECT ADDED ENTRY--TOPICAL TERM
Topical term or geographic name entry element vurdu
9 (RLIN) 255306
650 ## - SUBJECT ADDED ENTRY--TOPICAL TERM
Topical term or geographic name entry element shabdkosh
9 (RLIN) 255307
650 ## - SUBJECT ADDED ENTRY--TOPICAL TERM
Topical term or geographic name entry element hindi
9 (RLIN) 255308
690 ## - LOCAL SUBJECT ADDED ENTRY--TOPICAL TERM (OCLC, RLIN)
Topical term or geographic name as entry element Hindi Dictionary
9 (RLIN) 255309
906 ## - LOCAL DATA ELEMENT F, LDF (RLIN)
a 072528
942 ## - ADDED ENTRY ELEMENTS (KOHA)
Source of classification or shelving scheme Dewey Decimal Classification
Koha item type Book
Holdings
Withdrawn status Lost status Source of classification or shelving scheme Damaged status Not for loan Collection code Home library Current library Shelving location Date acquired Source of acquisition Cost, normal purchase price Total Checkouts Full call number Barcode Date last seen Price effective from Koha item type
    Dewey Decimal Classification   Reference Book Hindi St Aloysius Library St Aloysius Library Reference Section 02/17/2021 Rajpal and Sons, Kashmere Gate, Delhi-110006 235.00   H491.3 ALIV 072528 02/17/2021 02/17/2021 Book